000 00560 a2200169 4500
999 _c1971
_d1971
020 _a9780334043843
050 _aBT40 DAV 2013
100 _aDavison, Andrew
_eauthor
245 _aThe love of wisdom :
_ban introduction to philosophy for Theologians /
_cAndrew Davison
264 _aLondon :
_bSCM Press,
_cc2013
300 _axvii, 310p. :
500 _aIncludes bibliographical references and index
650 _aCatholic church and philosophy
650 _aPhilosophy
_xIntroductions
650 _aCatholic church
_xDoctrines
942 _2lcc
_cBK
_h40
_iDAV
_kBT